| 000 | 00762nam a22002177a 4500 | ||
|---|---|---|---|
| 005 | 20100821125728.0 | ||
| 010 | _aENG-101173 | ||
| 020 |
_a8188573604 _c425.00 |
||
| 035 | _aEN-84706 | ||
| 037 | _bDBAD/PUB | ||
| 082 | _a720 | ||
| 100 |
_aMahajan, T. T. _916741 |
||
| 245 |
_aState kingship and architecture in pre-Mughal India / _cby T. T. Mahajan |
||
| 260 |
_aKanpur _bChandralok Prakasan _c2010 |
||
| 270 |
_a132, Shivram Kripa' Mayur Park, Basant Vihar _bKanpur _e208021 |
||
| 300 |
_a164p. _c22cm (Hb) |
||
| 500 | _aIncludes bibliographical references | ||
| 650 |
_aArchitecture _zIndia _916742 |
||
| 942 |
_2ddc _cEN _h720 _mMAH |
||
| 999 |
_c42877 _d42877 |
||